| 000 | 00598nam a22001577a 4500 | ||
|---|---|---|---|
| 003 | OSt | ||
| 005 | 20150920093330.0 | ||
| 008 | 150920b xxu||||| |||| 00| 0 eng d | ||
| 040 | _cRUA | ||
| 082 | _aAGR CHH 2008 B037 Or.1 | ||
| 100 |
_9908 _aCHHOM, SOPHEAKTRA. |
||
| 245 | _aweed growth on different soil types in kampong chhnang province ( រុក្ខជាតិចង្រៃដុះទៅលើប្រភេទដីផ្សេងៗ ក្នុងខេត្តកំពង់ឆ្នាំង) | ||
| 260 |
_aPhnom Penh _bRUA _c2008 |
||
| 300 |
_a41p. _bill. _c29cm. |
||
| 942 |
_2ddc _cAGR |
||
| 999 |
_c875 _d875 |
||